The road to financial reformation : (Record no. 193325)

000 -LEADER
fixed length control field 01501 a2200229 4500
003 - CONTROL NUMBER IDENTIFIER
control field Nust
005 - DATE AND TIME OF LATEST TRANSACTION
control field 20170207154056.0
010 ## - LIBRARY OF CONGRESS CONTROL NUMBER
LC control number 2009017157
020 ## - INTERNATIONAL STANDARD BOOK NUMBER
International Standard Book Number 978-0-470-53212-6
035 ## - SYSTEM CONTROL NUMBER
System control number (OCoLC)318408198
035 ## - SYSTEM CONTROL NUMBER
System control number (OCoLC)ocn318408198
040 ## - CATALOGING SOURCE
Transcribing agency Nust
082 00 - DEWEY DECIMAL CLASSIFICATION NUMBER
Classification number 332
100 1# - MAIN ENTRY--PERSONAL NAME
Personal name Kaufman, Henry
245 14 - TITLE STATEMENT
Title The road to financial reformation :
Remainder of title warnings, consequences, reforms / (E-BOOK)
Statement of responsibility, etc. Henry Kaufman
260 ## - PUBLICATION, DISTRIBUTION, ETC.
Place of publication, distribution, etc. Hoboken, N.J. :
Name of publisher, distributor, etc. John Wiley & Sons,
Date of publication, distribution, etc. cop. 2009
300 ## - PHYSICAL DESCRIPTION
Extent xxiii, 260 p. :
Other physical details ill. ;
Dimensions 24 cm.
505 0# - FORMATTED CONTENTS NOTE
Formatted contents note Past blunders and future choices -- Reflections on business, the lessons of history, and globalization -- If Adam Smith were alive today -- Troubling trends in financial markets and official policies -- Debt : the threat to economic and financial stability -- The decapitalization of American corporations -- Shortcomings in financial oversight -- From financial segmentation to concentration -- Financial concentration in economic thought -- Do we still need Glass-Steagall? -- Banking and commerce should not merge -- Postwar financial crises, 1966-2001 -- The great financial crisis of 2007-2009 -- Public policy and the markets -- The perils of monetary gradualism -- The Fed and the governance of financial institutions -- Transparency and the Fed -- Prospects for interest rates -- The financial consequences of the credit crisis.
650 #0 - SUBJECT ADDED ENTRY--TOPICAL TERM
Topical term or geographic name entry element Finance
General subdivision Government policy.
650 #0 - SUBJECT ADDED ENTRY--TOPICAL TERM
Topical term or geographic name entry element International finance
General subdivision Government policy.
651 ## - SUBJECT ADDED ENTRY--GEOGRAPHIC NAME
Geographic name E-BOOK
942 ## - ADDED ENTRY ELEMENTS (KOHA)
Source of classification or shelving scheme
Koha item type Book
Holdings
Withdrawn status Lost status Source of classification or shelving scheme Damaged status Not for loan Collection code Current Location Date acquired Total Checkouts Full call number Barcode Date last seen Price effective from Koha item type
            Military College of Signals (MCS) 12/12/2016   332 KAU MCSEB-2974 12/08/2016 12/12/2016 Book
© 2023 Central Library, National University of Sciences and Technology. All Rights Reserved.